[Event "C.to Europeo U16"]
[Site "Fermo ITA"]
[Date "2009.09.06"]
[Round "6"]
[White "Halvax, Georg"]
[Black "Strzemiecki, Zbigniew"]
[Result "1/2-1/2"]
[WhiteElo "2260"]
[BlackElo "2314"]
[PlyCount "124"]
[EventDate "2009.08.31"]

1. e4 c5 2. Nf3 Nc6 3. d4 cxd4 4. Nxd4 g6 5. Nc3 Bg7 6. Be3 Nf6 7. Bc4 d6 8. f3
O-O 9. Qd2 Bd7 10. O-O-O Ne5 11. Bb3 Rc8 12. h4 h5 13. Bg5 Nc4 14. Qd3 Ne5 15.
Qd2 Nc4 16. Bxc4 Rxc4 17. e5 Nh7 18. exd6 Nxg5 19. Qxg5 exd6 20. Qd5 Qc7 21.
Kb1 Qc5 22. Nb3 Qxd5 23. Nxd5 Re8 24. c3 Bf5+ 25. Ka1 Ra4 26. Rd2 Rxh4 27. Rg1
Ra4 28. Nc7 Re3 29. Nb5 Be6 30. Kb1 Bf5+ 31. Ka1 Rd3 32. Nxd6 Rxd2 33. Nxd2 Be6
34. Nxb7 Rxa2+ 35. Kb1 Ra6 36. Nc5 Bf5+ 37. Nce4 Bh6 38. Kc2 Rc6 39. Ra1 a6 40.
Nb3 Bg7 41. Rd1 h4 42. Nd4 Bxe4+ 43. fxe4 Rf6 44. Rd2 Rf4 45. Kd3 Rg4 46. b4
Rg3+ 47. Kc4 Re3 48. Ra2 Rxe4 49. Rc2 Re8 50. Kc5 g5 51. Kb6 Bxd4+ 52. cxd4
Rb8+ 53. Kc7 Rb5 54. Kc6 Rb8 55. Rc5 Kf8 56. d5 Ke7 57. d6+ Kd8 58. Rxg5 Rc8+
59. Kd5 Rc2 60. Rg4 Kd7 61. Rf4 Rxg2 62. Rxf7+ Kd8 1/2-1/2

[Event "C.to Europeo U16"]
[Site "Fermo ITA"]
[Date "2009.09.06"]
[Round "6"]
[White "Handler, Lukas"]
[Black "Fernandez Garcia, Jose' Miguel"]
[Result "1/2-1/2"]
[WhiteElo "2115"]
[BlackElo "2261"]
[PlyCount "92"]
[EventDate "2009.08.31"]

1. d4 Nf6 2. c4 c5 3. d5 e5 4. Nc3 d6 5. e4 Be7 6. Bd3 Nbd7 7. Nf3 Nf8 8. h3 h5
9. Be3 h4 10. Qc2 Ng6 11. a3 Nh5 12. Ne2 Nhf4 13. Bxf4 exf4 14. Qd2 Bf6 15. Rb1
Ne5 16. Neg1 Nxd3+ 17. Qxd3 O-O 18. Ne2 Re8 19. O-O g5 20. b4 b6 21. Rfd1 Be5
22. Rb3 Qe7 23. Qd2 Ba6 24. Qc2 Kh8 25. Nc1 Rg8 26. bxc5 bxc5 27. Nxe5 Qxe5 28.
Qc3 Qxc3 29. Rxc3 f6 30. Kf1 Rab8 31. Rd2 Rb1 32. Ke1 Kg7 33. Kd1 Rgb8 34. f3
Kf7 35. Rf2 Ke7 36. Ra2 R8b2 37. Rxb2 Rxb2 38. Ne2 Kd7 39. Ke1 Kc7 40. Kf1 Kb6
41. Nc1 Ka5 42. Nd3 Rb1+ 43. Ke2 Ka4 44. Nf2 Rb3 45. Kd3 Rxa3 46. e5 fxe5
1/2-1/2

[Event "C.to Europeo U16"]
[Site "Fermo ITA"]
[Date "2009.09.06"]
[Round "6"]
[White "Jacko, Vladimir"]
[Black "Tsirekidze, Giorgi"]
[Result "1-0"]
[WhiteElo "2137"]
[BlackElo "1864"]
[PlyCount "47"]
[EventDate "2009.08.31"]

1. d4 Nf6 2. Nc3 d5 3. Bg5 Bf5 4. f3 Nc6 5. Qd2 Bg6 6. Nh3 Qd7 7. O-O-O O-O-O
8. Nf4 h6 9. Nxg6 fxg6 10. Bh4 g5 11. Bf2 e5 12. dxe5 Nxe5 13. Qd4 Nc6 14. Qa4
Kb8 15. e4 Bb4 16. Nxd5 Qd6 17. Bc4 Bc5 18. Bg3 Ne5 19. b4 Bf2 20. Bxf2 Nxc4
21. Qxa7+ Kc8 22. Ne7+ Kd7 23. Rxd6+ Nxd6 24. Ng6 1-0

[Event "C.to Europeo U16"]
[Site "Fermo ITA"]
[Date "2009.09.06"]
[Round "6"]
[White "Juhasz, Kristof"]
[Black "Rioboo De Larriva, Alvaro"]
[Result "1/2-1/2"]
[WhiteElo "2268"]
[BlackElo "2150"]
[PlyCount "83"]
[EventDate "2009.08.31"]

1. d4 Nf6 2. Nf3 g6 3. c4 Bg7 4. g3 O-O 5. Bg2 d6 6. O-O c6 7. Nc3 Qa5 8. e4
Qh5 9. e5 dxe5 10. Nxe5 Ng4 11. Nf3 Na6 12. Re1 Re8 13. d5 cxd5 14. Nxd5 Ne5
15. Nxe5 Qxd1 16. Rxd1 Bxe5 17. Re1 f6 18. Bf4 Bxf4 19. Nxf4 Nc7 20. Rad1 Kf7
21. Rd3 Rb8 22. Nd5 Nxd5 23. Bxd5+ e6 24. Bf3 b6 25. Red1 Bb7 26. Bxb7 Rxb7 27.
Kf1 Ke7 28. Ke2 Rc8 29. b3 Rcc7 30. Kd2 Rd7 31. Kc3 Rxd3+ 32. Rxd3 Rd7 33. b4
Rxd3+ 34. Kxd3 Kd6 35. f4 e5 36. Ke4 f5+ 37. Kd3 h6 38. h4 Ke6 39. Ke3 Kf6 40.
Kd3 Ke6 41. a3 a6 42. Ke3 1/2-1/2

[Event "C.to Europeo U16"]
[Site "Fermo ITA"]
[Date "2009.09.06"]
[Round "6"]
[White "Kanarek, Marcel"]
[Black "Vlasak, Lukas"]
[Result "1/2-1/2"]
[WhiteElo "2422"]
[BlackElo "2177"]
[PlyCount "86"]
[EventDate "2009.08.31"]

1. e4 c5 2. Nf3 d6 3. d4 cxd4 4. Nxd4 Nf6 5. Nc3 Nc6 6. Bg5 e6 7. Qd2 a6 8.
O-O-O Bd7 9. f3 h6 10. Be3 b5 11. Nxc6 Bxc6 12. Ne2 Qc7 13. Nd4 Bb7 14. Bd3 Rc8
15. Kb1 Nd7 16. Rhe1 Be7 17. Bf2 O-O 18. g4 d5 19. Bg3 Qb6 20. e5 Nc5 21. Bf2
b4 22. h4 a5 23. g5 hxg5 24. hxg5 g6 25. Rh1 Kg7 26. Qf4 Rh8 27. Be3 Nxd3 28.
cxd3 Qa6 29. Rh6 Rcf8 30. Qh4 Rfg8 31. Rh1 Qa8 32. Rh2 a4 33. Rh1 a3 34. Nb3
Ba6 35. Nc5 Bb5 36. b3 d4 37. Bxd4 Qd8 38. Rh7+ Rxh7 39. Qxh7+ Kf8 40. Rh4 Qd5
41. Rf4 Rg7 42. Qh8+ Rg8 43. Qh7 Rg7 1/2-1/2

[Event "C.to Europeo U16"]
[Site "Fermo ITA"]
[Date "2009.09.06"]
[Round "6"]
[White "Khachykian, David"]
[Black "Danilenko, Dmitriy"]
[Result "0-1"]
[WhiteElo "2139"]
[BlackElo "2290"]
[PlyCount "102"]
[EventDate "2009.08.31"]

1. c4 c5 2. g3 g6 3. Bg2 Bg7 4. Nc3 Nc6 5. Nf3 e5 6. O-O Nge7 7. Ne1 O-O 8. Nc2
d6 9. d3 Be6 10. Ne3 Qd7 11. Re1 f5 12. Ned5 Bxd5 13. Nxd5 Nxd5 14. Bxd5+ Kh8
15. Qa4 a6 16. Bd2 f4 17. Rab1 Rab8 18. Kg2 g5 19. f3 Qc8 20. Bxc6 bxc6 21. g4
a5 22. a3 Ra8 23. Bxa5 Bf6 24. b4 Bd8 25. Rb2 Kg7 26. Reb1 h5 27. h3 hxg4 28.
hxg4 Rh8 29. Qd1 Bf6 30. Bb6 Rh4 31. Qg1 Qh8 32. bxc5 Rh3 33. Qh1 Rxh1 34. Rxh1
Qf8 35. cxd6 Qxd6 36. Bf2 Rb8 37. Rxb8 Qxb8 38. a4 Qb4 39. a5 Qxa5 40. Rb1 Qd2
41. Kf1 Qc2 42. Rb7+ Kg6 43. c5 Qd1+ 44. Kg2 Qxe2 45. Rd7 e4 46. dxe4 Bc3 47.
Rd6+ Kf7 48. Kg1 Qxf3 49. Rxc6 Qxg4+ 50. Kh2 Be5 51. Kh1 f3 0-1

[Event "C.to Europeo U16"]
[Site "Fermo ITA"]
[Date "2009.09.06"]
[Round "6"]
[White "Mammadov, Zaur Fazahir Oglu"]
[Black "Schnegg, Daniel"]
[Result "1/2-1/2"]
[WhiteElo "2235"]
[BlackElo "2092"]
[PlyCount "115"]
[EventDate "2009.08.31"]

1. e4 c5 2. c3 d5 3. exd5 Qxd5 4. Nf3 Nf6 5. d4 Bg4 6. Be2 e6 7. Na3 Nc6 8. O-O
Be7 9. Nb5 Rc8 10. h3 Bh5 11. dxc5 Bxc5 12. Qxd5 Nxd5 13. c4 Nc7 14. Nc3 O-O
15. a3 Be7 16. Rd1 Na5 17. Bf4 Na6 18. Nb5 Nb3 19. Rab1 Nac5 20. Nbd4 Bg6 21.
Nxb3 Nxb3 22. Bd3 Bf6 23. Ne5 Rfd8 24. Nxg6 hxg6 25. Be3 b6 26. Be2 Na5 27.
Rxd8+ Bxd8 28. Rc1 Be7 29. b4 Nc6 30. Kf1 Bf6 31. c5 Bb2 32. Rc2 Bxa3 33. cxb6
axb6 34. Ba6 Ra8 35. Rxc6 Rxa6 36. b5 Ra4 37. Rxb6 Rb4 38. Rb8+ Kh7 39. Ke2 Rb3
40. b6 e5 41. Re8 Bb2 42. Re7 Bd4 43. b7 f5 44. Bxd4 exd4 45. f4 d3+ 46. Kd2 g5
47. fxg5 Kg6 48. h4 f4 49. Rc7 Kh5 50. Rxg7 Kxh4 51. Kc1 Kg4 52. Kd2 Kh5 53.
Rg8 Rxb7 54. Kxd3 Re7 55. Kd4 Kg4 56. Rf8 Rg7 57. Ke4 Rxg5 58. Rxf4+ 1/2-1/2

[Event "C.to Europeo U16"]
[Site "Fermo ITA"]
[Date "2009.09.06"]
[Round "6"]
[White "Marconi, Gabriele"]
[Black "Rasulo, Stefano"]
[Result "0-1"]
[WhiteElo "1795"]
[BlackElo "1794"]
[PlyCount "70"]
[EventDate "2009.08.31"]

1. d4 d5 2. Nf3 e6 3. Nbd2 Nf6 4. e3 Bd6 5. c4 c6 6. b3 O-O 7. Bd3 Nbd7 8. Bb2
Re8 9. Rc1 e5 10. dxe5 Nxe5 11. Bb1 Bg4 12. O-O dxc4 13. Nxc4 Nxc4 14. Rxc4 Be6
15. Rd4 Bd5 16. Qd3 Qc7 17. Rc1 Rad8 18. Rxd5 Bxh2+ 19. Nxh2 Rxd5 20. Qc2 Rh5
21. Nf3 Re6 22. Rd1 Nd5 23. Ba3 Reh6 24. Kf1 Qa5 25. Qc5 Rh1+ 26. Ke2 Qxc5 27.
Bxc5 Nc3+ 28. Kd2 Nxd1 29. Bxa7 Nxf2 30. Bf5 Ra1 31. a4 Rd6+ 32. Ke2 Ra2+ 33.
Kf1 Rd1+ 34. Ne1 g6 35. Bc8 Nd3 0-1

[Event "C.to Europeo U16"]
[Site "Fermo ITA"]
[Date "2009.09.06"]
[Round "6"]
[White "Meskovs, Nikita"]
[Black "Kovalev, Vladislav"]
[Result "1/2-1/2"]
[WhiteElo "2221"]
[BlackElo "2307"]
[PlyCount "30"]
[EventDate "2009.08.31"]

1. d4 Nf6 2. c4 g6 3. Nc3 Bg7 4. e4 d6 5. Nf3 O-O 6. h3 e5 7. d5 Nh5 8. Nh2 Qe8
9. Be2 Nf4 10. Bf3 f5 11. Kf1 Na6 12. g3 fxe4 13. Nxe4 Nxh3 14. Ng4 Nc5 15.
Rxh3 Nxe4 1/2-1/2

[Event "C.to Europeo U16"]
[Site "Fermo ITA"]
[Date "2009.09.06"]
[Round "6"]
[White "Miandro, Steven"]
[Black "Marchetti, Michael"]
[Result "1-0"]
[WhiteElo "1878"]
[BlackElo "1503"]
[PlyCount "109"]
[EventDate "2009.08.31"]

1. d4 c5 2. d5 Nf6 3. c4 d6 4. Nc3 Bf5 5. Bg5 Nbd7 6. e3 e6 7. Bd3 Bg6 8. e4
Be7 9. Nf3 O-O 10. O-O Qb6 11. Qc2 Rfe8 12. h3 h6 13. Bf4 a6 14. Bh2 Nh7 15.
Nd2 e5 16. f4 exf4 17. Bxf4 Bg5 18. Bg3 Bf6 19. Nf3 Ng5 20. Nh4 Bh7 21. Nf5 Be5
22. h4 Bxf5 23. Bxe5 Nxe5 24. hxg5 Bg6 25. gxh6 gxh6 26. b3 Qd8 27. Rf4 Qg5 28.
Raf1 Kg7 29. Qe2 Bh5 30. Qe3 Rg8 31. Be2 Kh7 32. Qf2 Bxe2 33. Qxe2 Rg7 34. Nd1
Rag8 35. Ne3 Rg6 36. R1f2 R8g7 37. a3 a5 38. Rf5 Qg3 39. R5f4 Qg5 40. Rf5 Qe7
41. R5f4 Qd7 42. Nf5 Rg8 43. Qe3 Rf6 44. Qh3 Rgg6 45. Rh4 Qd8 46. Rff4 Qf8 47.
Rh5 Nd7 48. Rfh4 Ne5 49. Kh2 b6 50. g4 Nxg4+ 51. Rxg4 Rxg4 52. Qxg4 Rg6 53. Qh3
f6 54. Qh4 Qg8 55. Rxh6+ 1-0

[Event "C.to Europeo U16"]
[Site "Fermo ITA"]
[Date "2009.09.06"]
[Round "6"]
[White "Pavlidis, Antonios"]
[Black "Nakar, Eylon"]
[Result "1-0"]
[WhiteElo "2360"]
[BlackElo "2242"]
[PlyCount "71"]
[EventDate "2009.08.31"]

1. e4 e6 2. d4 d5 3. Nd2 Nf6 4. e5 Nfd7 5. Bd3 c5 6. c3 Nc6 7. Ne2 cxd4 8. cxd4
f6 9. exf6 Nxf6 10. Nf3 Bd6 11. O-O O-O 12. Bf4 Bxf4 13. Nxf4 Ne4 14. g3 Qf6
15. Bxe4 dxe4 16. Ne5 Nxe5 17. dxe5 Qxe5 18. Qb3 g5 19. Ng2 Bd7 20. Ne3 Bb5 21.
Ng4 Qd5 22. Qc3 e5 23. Rfe1 Qd4 24. Qb3+ Bc4 25. Qxb7 e3 26. Nxe3 Rab8 27. Qc7
Bd5 28. Qe7 Rxf2 29. Qxg5+ Kh8 30. Kxf2 Rxb2+ 31. Kf1 Bc4+ 32. Kg1 Qd2 33.
Qxe5+ Kg8 34. Qe8+ Kg7 35. Nf5+ Kf6 36. Qe5+ 1-0

[Event "C.to Europeo U16"]
[Site "Fermo ITA"]
[Date "2009.09.06"]
[Round "6"]
[White "Pecurica, Milos"]
[Black "Piccinini, Samuele"]
[Result "1-0"]
[WhiteElo "2010"]
[BlackElo "1908"]
[PlyCount "77"]
[EventDate "2009.08.31"]

1. d4 d5 2. c4 e6 3. Nc3 Nf6 4. cxd5 exd5 5. Bg5 c6 6. Qc2 Be7 7. e3 O-O 8. Bd3
Nbd7 9. Nge2 Re8 10. O-O Nf8 11. f3 Be6 12. Kh1 Nh5 13. Bxe7 Qxe7 14. e4 dxe4
15. fxe4 Nf6 16. Rad1 Bg4 17. Bc4 Be6 18. d5 cxd5 19. exd5 Bg4 20. d6 Qe5 21.
Qb3 Ne6 22. Rd2 Bxe2 23. Rxe2 Qxd6 24. Nb5 Qb6 25. Qg3 Kh8 26. Nd6 Re7 27.
Nxf7+ Rxf7 28. Rxe6 Qc7 29. Qh4 Rc8 30. Bb3 g5 31. Qd4 Rd8 32. Rexf6 Rxd4 33.
Rxf7 Rd7 34. Rf8+ Kg7 35. Be6 Re7 36. Rg8+ Kh6 37. Rf6+ Kh5 38. g4+ Kh4 39.
Rh6# 1-0

[Event "C.to Europeo U16"]
[Site "Fermo ITA"]
[Date "2009.09.06"]
[Round "6"]
[White "Petenyi, Tamas"]
[Black "Schaeken, Yordi"]
[Result "1-0"]
[WhiteElo "2308"]
[BlackElo "2078"]
[PlyCount "85"]
[EventDate "2009.08.31"]

1. e4 c5 2. Nf3 Nf6 3. Nc3 d5 4. exd5 Nxd5 5. Bb5+ Bd7 6. Ne5 Bxb5 7. Qf3 f6 8.
Nxb5 Na6 9. Nc4 Qd7 10. a4 Nab4 11. O-O a6 12. Nc3 Rd8 13. Nxd5 Qxd5 14. Qc3
Qd4 15. Qb3 Qd5 16. a5 e6 17. d3 h5 18. Bd2 h4 19. h3 Rh5 20. Rfe1 Kf7 21. Re4
Re8 22. Rae1 Qd7 23. Nb6 Qc6 24. Nc4 Nd5 25. Qa2 Bd6 26. Qb1 Bb8 27. Qd1 g6 28.
Qf3 e5 29. R4e2 Rf5 30. Qe4 Rh8 31. Ne3 Nf4 32. Nxf5 Nxe2+ 33. Rxe2 gxf5 34.
Qxf5 Rg8 35. Re4 Qd5 36. f3 Rh8 37. Rg4 Qd6 38. Qg6+ Ke6 39. Qg7 Rf8 40. Qxb7
f5 41. Rg6+ Rf6 42. Qb3+ Kd7 43. Rxf6 1-0

[Event "C.to Europeo U16"]
[Site "Fermo ITA"]
[Date "2009.09.06"]
[Round "6"]
[White "Piscitelli, Vito"]
[Black "Schneider, Rafael"]
[Result "1-0"]
[WhiteElo "2067"]
[BlackElo "1823"]
[PlyCount "89"]
[EventDate "2009.08.31"]

1. e4 c5 2. Nf3 Nc6 3. Bb5 e6 4. O-O Nge7 5. c3 a6 6. Ba4 b5 7. Bc2 c4 8. Qe2
g6 9. b3 cxb3 10. axb3 Bg7 11. d4 b4 12. Rd1 bxc3 13. Nxc3 O-O 14. Be3 Nb4 15.
Bb1 Bb7 16. Qd2 Rc8 17. Ne2 a5 18. Bh6 f5 19. Bxg7 Kxg7 20. Ng3 Qc7 21. Qg5
Rce8 22. Nh5+ Kg8 23. Nf6+ Rxf6 24. Qxf6 Nc8 25. Qh4 Qc3 26. Rxa5 Qxb3 27. Re1
Nc6 28. Ra2 fxe4 29. Ng5 Re7 30. Nxe4 Qb4 31. Rd2 Nxd4 32. Nf6+ Kg7 33. Qxh7+
Kxf6 34. Qh4+ Kf7 35. Qxd4 Qxd4 36. Rxd4 d5 37. Rg4 e5 38. Bxg6+ Kf6 39. h4 Nd6
40. f3 Bc8 41. Rg5 e4 42. Bh5 Bf5 43. g4 Be6 44. fxe4 Nxe4 45. Rf1+ 1-0

[Event "C.to Europeo U16"]
[Site "Fermo ITA"]
[Date "2009.09.06"]
[Round "6"]
[White "Rabatin, Jakub"]
[Black "Hajbok, Robert"]
[Result "0-1"]
[WhiteElo "2175"]
[BlackElo "2274"]
[PlyCount "50"]
[EventDate "2009.08.31"]

1. e4 c5 2. Nf3 d6 3. d4 cxd4 4. Nxd4 Nf6 5. Nc3 a6 6. Be3 e5 7. Nb3 Be6 8. f4
exf4 9. Bxf4 Nc6 10. Qe2 g6 11. h3 Rc8 12. O-O-O Nh5 13. Bh2 Ng3 14. Bxg3 Qg5+
15. Kb1 Qxg3 16. Qd2 Be7 17. Bd3 O-O 18. Rdf1 Qe5 19. g4 Bf6 20. Qg2 Nb4 21.
Qf3 Bg7 22. Be2 d5 23. Rc1 d4 24. Nd1 Bh6 25. c3 Bxb3 0-1

[Event "C.to Europeo U16"]
[Site "Fermo ITA"]
[Date "2009.09.06"]
[Round "6"]
[White "Rozic, Samo"]
[Black "Rossi, Nicolo' N."]
[Result "1/2-1/2"]
[WhiteElo "1999"]
[BlackElo "1721"]
[PlyCount "46"]
[EventDate "2009.08.31"]

1. e4 e5 2. d4 exd4 3. Qxd4 Nc6 4. Qe3 d6 5. Nc3 Nf6 6. Bd2 Be6 7. O-O-O a6 8.
f4 g6 9. Kb1 Bg7 10. h3 Qe7 11. g4 O-O-O 12. f5 d5 13. Qf4 d4 14. Nce2 Bc4 15.
Ng3 Bxf1 16. Rxf1 h6 17. Re1 Ne5 18. Nf3 Nxf3 19. Qxf3 Nd7 20. Rhf1 Be5 21. Ne2
g5 22. Nc1 f6 23. h4 Rh7 1/2-1/2

[Event "C.to Europeo U16"]
[Site "Fermo ITA"]
[Date "2009.09.06"]
[Round "6"]
[White "Sagripanti, Michele"]
[Black "Andreev, Sasho"]
[Result "0-1"]
[WhiteElo "1893"]
[BlackElo "2090"]
[PlyCount "66"]
[EventDate "2009.08.31"]

1. e4 c5 2. Nf3 e6 3. d4 cxd4 4. Nxd4 Nf6 5. Nc3 d6 6. Be3 Be7 7. Qd2 Ng4 8. f4
Nxe3 9. Qxe3 a6 10. Bd3 Qb6 11. O-O-O Nc6 12. Nf5 Qxe3+ 13. Nxe3 Rb8 14. a4 Kd7
15. Rhe1 Kc7 16. Bc4 Re8 17. Kb1 Bf8 18. f5 Ne5 19. Bb3 b5 20. axb5 axb5 21.
Rd4 Bd7 22. Ne2 g6 23. fxe6 fxe6 24. Nf4 Bh6 25. Nh3 Rf8 26. Nf1 Rb6 27. Red1
Ra6 28. c3 Kd8 29. Ng3 Ke7 30. Rf1 Rfa8 31. Nf2 Ra1+ 32. Kc2 Rxf1 33. Nxf1 Rf8
0-1

[Event "C.to Europeo U16"]
[Site "Fermo ITA"]
[Date "2009.09.06"]
[Round "6"]
[White "Schaerer, Julian"]
[Black "Bongioanni, Alberto"]
[Result "1-0"]
[WhiteElo "1975"]
[BlackElo "1747"]
[PlyCount "65"]
[EventDate "2009.08.31"]

1. e4 e6 2. d4 d5 3. Nc3 Bb4 4. e5 c5 5. a3 Bxc3+ 6. bxc3 Ne7 7. Nf3 Nbc6 8.
Be2 O-O 9. O-O Bd7 10. Re1 Qc7 11. Bf4 Rac8 12. Bd3 Ng6 13. Bg3 Nce7 14. h4
Rfe8 15. h5 Nf8 16. h6 g6 17. Qd2 c4 18. Bf1 Nf5 19. Bh2 Ba4 20. g4 Ne7 21. Ng5
Nd7 22. f4 Rf8 23. Bh3 Kh8 24. f5 Qc6 25. fxe6 fxe6 26. Rf1 Kg8 27. Qe2 a6 28.
Rxf8+ Rxf8 29. Rf1 Nc8 30. Rf2 Qb6 31. Qf1 Rxf2 32. Qxf2 Qb1+ 33. Bf1 1-0

[Event "C.to Europeo U16"]
[Site "Fermo ITA"]
[Date "2009.09.06"]
[Round "6"]
[White "Seegert, Kristian"]
[Black "De Ridder, Dieter"]
[Result "1-0"]
[WhiteElo "2103"]
[BlackElo "1914"]
[PlyCount "89"]
[EventDate "2009.08.31"]

1. e4 e6 2. d4 d5 3. Nd2 Nf6 4. e5 Nfd7 5. Bd3 c5 6. c3 Nc6 7. Ngf3 Be7 8. O-O
g5 9. dxc5 Ndxe5 10. Nxe5 Nxe5 11. Nb3 Bd7 12. f4 Nxd3 13. Qxd3 h6 14. Be3 Qc7
15. Bd4 Rg8 16. fxg5 Rxg5 17. Be3 Rg6 18. Rae1 O-O-O 19. Rxf7 Rdg8 20. Re2 Bf6
21. Rf8+ Rxf8 22. Qxg6 Be5 23. g3 Qd8 24. c6 bxc6 25. Qd3 Qc7 26. Qa6+ Kb8 27.
Bxa7+ Qxa7+ 28. Qxa7+ Kxa7 29. Rxe5 Kb6 30. Nd4 c5 31. Ne2 Kc6 32. a3 c4 33.
Nd4+ Kd6 34. Re2 e5 35. Nc2 Rb8 36. Ne3 Be6 37. g4 Rg8 38. h3 h5 39. Rg2 d4 40.
Nf5+ Bxf5 41. gxf5 Rxg2+ 42. Kxg2 d3 43. Kf2 e4 44. a4 Ke5 45. Ke3 1-0

[Event "C.to Europeo U16"]
[Site "Fermo ITA"]
[Date "2009.09.06"]
[Round "6"]
[White "Simongini, Giacomo"]
[Black "Mraz, Martin"]
[Result "1/2-1/2"]
[WhiteElo "1566"]
[BlackElo "1813"]
[PlyCount "84"]
[EventDate "2009.08.31"]

1. e4 e5 2. f4 exf4 3. Nf3 d6 4. Bc4 Nd7 5. d4 Nb6 6. Bb3 Be6 7. Bxf4 Qe7 8.
O-O O-O-O 9. Nbd2 f6 10. c4 g5 11. Be3 Kb8 12. a4 h5 13. a5 Nd7 14. Ba4 h4 15.
b4 g4 16. Ne1 f5 17. d5 Bf7 18. Rxf5 Bg6 19. Bg5 Ndf6 20. Rf4 Qe5 21. Bxf6 Qxf4
22. Bxh8 Qe3+ 23. Kh1 Bh6 24. Qxg4 Ne7 25. Bf6 Rg8 26. Bxe7 Bh7 27. Qf3 Qxd2
28. Bxh4 Rf8 29. Bf6 Bg7 30. Bxg7 Rxf3 31. Nxf3 Qxb4 32. Ng5 Bg6 33. Rf1 Qxa4
34. Rf8+ Be8 35. h4 a6 36. Nh7 Ka7 37. Nf6 Qa1+ 38. Kh2 Bg6 39. h5 Qe5+ 40. Kh3
Bxh5 41. g4 Bg6 42. Kh4 Qe7 1/2-1/2

[Event "C.to Europeo U16"]
[Site "Fermo ITA"]
[Date "2009.09.06"]
[Round "6"]
[White "Sochacki, Christophe"]
[Black "Tal, Eyal"]
[Result "1-0"]
[WhiteElo "2274"]
[BlackElo "2028"]
[PlyCount "43"]
[EventDate "2009.08.31"]

1. e4 c5 2. Nf3 d6 3. d4 cxd4 4. Nxd4 Nf6 5. Nc3 a6 6. Bg5 e6 7. f4 Qc7 8. Qf3
b5 9. f5 Be7 10. fxe6 fxe6 11. e5 dxe5 12. Ndxb5 axb5 13. Bxb5+ Kf7 14. Bxf6 e4
15. Qh5+ g6 16. Qe5 Bd6 17. O-O Qa7+ 18. Qd4 Bc5 19. Qxc5 Qxc5+ 20. Bd4+ Qf5
21. Bxh8 Ba6 22. g4 1-0

[Event "C.to Europeo U16"]
[Site "Fermo ITA"]
[Date "2009.09.06"]
[Round "6"]
[White "Song, Julien"]
[Black "Colon Garcia, Enrique"]
[Result "1-0"]
[WhiteElo "2319"]
[BlackElo "2173"]
[PlyCount "85"]
[EventDate "2009.08.31"]

1. d4 Nf6 2. c4 e6 3. Nf3 b6 4. a3 Ba6 5. Nbd2 Bb7 6. e3 Be7 7. Bd3 c5 8. O-O
O-O 9. b3 cxd4 10. exd4 d5 11. Bb2 Nc6 12. Rc1 Rc8 13. Qe2 a5 14. Rfd1 a4 15.
b4 dxc4 16. Bxc4 Na7 17. Ne5 b5 18. Bd3 Qd5 19. Ndf3 Rfd8 20. Rxc8 Rxc8 21. Rc1
Rxc1+ 22. Bxc1 Ne4 23. Qc2 Bd8 24. h3 Nc8 25. Qe2 Ncd6 26. Nd7 Nf5 27. Nc5 Nxc5
28. dxc5 Nd4 29. Qe3 Bg5 30. Qxd4 Bxc1 31. Qc3 Bf4 32. Qc2 Bc6 33. Bxh7+ Kf8
34. Bd3 e5 35. Be2 e4 36. Ne1 Bd2 37. Qd1 e3 38. Bf3 Qd4 39. fxe3 Qxe3+ 40. Kh1
Bxe1 41. Bxc6 Bd2 42. Bxb5 Ke7 43. Bxa4 1-0

[Event "C.to Europeo U16"]
[Site "Fermo ITA"]
[Date "2009.09.06"]
[Round "6"]
[White "Srbis, Jurica"]
[Black "Arvola, Benjamin"]
[Result "1-0"]
[WhiteElo "2250"]
[BlackElo "2144"]
[PlyCount "91"]
[EventDate "2009.08.31"]

1. e4 c5 2. Nf3 d6 3. d4 cxd4 4. Nxd4 Nf6 5. Nc3 g6 6. Be3 Bg7 7. f3 O-O 8. Qd2
Nc6 9. Bc4 Bd7 10. O-O-O Rc8 11. Bb3 Ne5 12. Kb1 Re8 13. h4 h5 14. Bh6 Nc4 15.
Bxc4 Rxc4 16. Bxg7 Kxg7 17. Nd5 e5 18. Nb3 Be6 19. Nxf6 Qxf6 20. Qxd6 Rec8 21.
c3 b5 22. Qd2 a5 23. Qg5 Qxg5 24. hxg5 a4 25. Nd2 R4c5 26. a3 R5c7 27. Nf1 Rc5
28. Ne3 f6 29. Rd6 R5c6 30. gxf6+ Kxf6 31. Rhd1 Kg5 32. Rxc6 Rxc6 33. Rd8 Kf4
34. Nf1 Rc8 35. Rd6 Re8 36. Kc2 g5 37. Kd2 g4 38. Ke2 h4 39. fxg4 Bxg4+ 40. Kf2
Kxe4 41. Nd2+ Kf4 42. Rf6+ Bf5 43. Nf3 Rh8 44. Nxh4 Kg5 45. Rxf5+ Kxh4 46. Rxe5
1-0

[Event "C.to Europeo U16"]
[Site "Fermo ITA"]
[Date "2009.09.06"]
[Round "6"]
[White "Stella, Andrea"]
[Black "Pruja Ramirez De Cartagena, Marc"]
[Result "1-0"]
[WhiteElo "2301"]
[BlackElo "2214"]
[PlyCount "97"]
[EventDate "2009.08.31"]

1. d4 Nf6 2. c4 e6 3. Nf3 d5 4. e3 dxc4 5. Bxc4 c5 6. O-O a6 7. Bb3 b5 8. Qe2
Bb7 9. Rd1 Qc7 10. a4 c4 11. Bc2 Nbd7 12. axb5 axb5 13. Rxa8+ Bxa8 14. b3 Bd6
15. bxc4 bxc4 16. Na3 O-O 17. Qxc4 Qb8 18. Qb3 Bb7 19. Nc4 Bc7 20. Nfd2 e5 21.
dxe5 Ng4 22. Bb2 Ngxe5 23. Nxe5 Nxe5 24. Bxe5 Bxe5 25. Nf3 Bc7 26. e4 Qa8 27.
Qe3 Re8 28. Re1 Qc8 29. h3 Ba5 30. Re2 Qa8 31. Bd3 Qd8 32. e5 Bb6 33. Qd2 g6
34. Bc4 Qc8 35. Qf4 Re7 36. Ng5 Qf8 37. Nxf7 Rxf7 38. Bxf7+ Qxf7 39. Qxf7+ Kxf7
40. Rb2 Bxg2 41. Kxg2 Bd4 42. Rb5 Ke6 43. f4 g5 44. Kf3 Kf5 45. fxg5 Bxe5 46.
h4 Ke6 47. Kg4 Bd6 48. Rb6 Kd7 49. Kh5 1-0

[Event "C.to Europeo U16"]
[Site "Fermo ITA"]
[Date "2009.09.06"]
[Round "6"]
[White "Szabo, Bence"]
[Black "Skoulakis, Charalambos"]
[Result "1-0"]
[WhiteElo "2243"]
[BlackElo "2132"]
[PlyCount "83"]
[EventDate "2009.08.31"]

1. d4 d5 2. c4 c6 3. Nf3 Nf6 4. Nbd2 g6 5. e3 Bg7 6. Bd3 O-O 7. O-O Bf5 8. Bxf5
gxf5 9. Qc2 e6 10. Ne5 Nbd7 11. Nd3 Ne4 12. f3 Nxd2 13. Bxd2 dxc4 14. Qxc4 Nb6
15. Qc2 Nd5 16. Rae1 f4 17. exf4 Bxd4+ 18. Kh1 Qf6 19. Re4 c5 20. Ne5 Rfd8 21.
Ng4 Qg6 22. f5 exf5 23. Nh6+ Kf8 24. Nxf5 Qxf5 25. Bh6+ Bg7 26. Re8+ Kxe8 27.
Qxf5 Bxh6 28. Qxh7 Be3 29. Re1 Kd7 30. Qxf7+ Kc6 31. g3 Rd6 32. f4 Rad8 33. b3
Bf2 34. Re2 Ne3 35. h4 Ng4 36. Kg2 Bd4 37. Re7 Ne3+ 38. Kf3 Nd5 39. Rxb7 Rf6
40. Qh7 Re6 41. Rxa7 Nb6 42. Qc7+ 1-0

[Event "C.to Europeo U16"]
[Site "Fermo ITA"]
[Date "2009.09.06"]
[Round "6"]
[White "Topak, Engin"]
[Black "Lortkipanidze, Nodar"]
[Result "0-1"]
[WhiteElo "2005"]
[BlackElo "2218"]
[PlyCount "87"]
[EventDate "2009.08.31"]

1. d4 Nf6 2. Nf3 c6 3. c4 d5 4. Nc3 dxc4 5. a4 Na6 6. e3 Bg4 7. Bxc4 e6 8. Bxa6
bxa6 9. O-O Bb4 10. Ne2 O-O 11. Ne5 c5 12. f3 Bh5 13. Bd2 Bxd2 14. Qxd2 cxd4
15. Qxd4 Qb6 16. Qxb6 axb6 17. Nc3 g5 18. g4 Bg6 19. e4 Rac8 20. Rac1 Rc5 21.
Nd3 Rc7 22. Rfd1 Nd7 23. Nd5 Rb7 24. Ne7+ Kg7 25. Nxg6 hxg6 26. Rc6 Nb8 27. Rd6
Rc8 28. Rc1 Rxc1+ 29. Nxc1 Kf6 30. Nd3 Ke7 31. Rd4 Rc7 32. Rb4 Nd7 33. Kf2 Rc2+
34. Ke3 Rxh2 35. Rc4 f5 36. Rc7 Kd6 37. Ra7 a5 38. b4 axb4 39. Nxb4 Ne5 40.
exf5 gxf5 41. gxf5 exf5 42. Rg7 Rb2 43. Na6 Rb3+ 44. Kd4 0-1

[Event "C.to Europeo U16"]
[Site "Fermo ITA"]
[Date "2009.09.06"]
[Round "6"]
[White "Van Kampen, Robin"]
[Black "Popilski, Gil"]
[Result "0-1"]
[WhiteElo "2383"]
[BlackElo "2392"]
[PlyCount "118"]
[EventDate "2009.08.31"]

1. e4 c5 2. Nf3 d6 3. d4 Nf6 4. Nc3 cxd4 5. Nxd4 a6 6. Be3 e6 7. g4 h5 8. g5
Ng4 9. Bc1 Qb6 10. h3 Ne5 11. Be2 g6 12. f4 Nec6 13. Nb3 Nd7 14. Bf3 Be7 15.
Qe2 Qc7 16. Be3 Nc5 17. O-O-O Bd7 18. Nxc5 dxc5 19. e5 O-O-O 20. Ne4 Nd4 21.
Bxd4 cxd4 22. Rxd4 Bb5 23. Qe3 Rxd4 24. Qxd4 Rd8 25. Qa7 Bc6 26. Qe3 Bxe4 27.
Qxe4 Bc5 28. c3 Qb6 29. Kc2 Be3 30. Rh2 Rd7 31. Re2 Bf2 32. b4 Bg3 33. Kb3 Qg1
34. Kb2 Qf1 35. Qe3 Kb8 36. a4 h4 37. a5 Qxh3 38. b5 axb5 39. a6 Qf1 40. axb7
Rd1 41. Ka3 Rb1 42. Rb2 Rxb2 43. Kxb2 Qf2+ 44. Qxf2 Bxf2 45. Kb3 Bc5 46. Bg2
Kc7 47. c4 Be3 48. cxb5 Bxf4 49. b6+ Kb8 50. Kc4 Bxe5 51. Kc5 Bf4 52. Kc6 Bxg5
53. Kd6 Bd8 54. Kd7 g5 55. Kxd8 g4 56. Ke7 h3 57. Bf1 f5 58. Kxe6 h2 59. Bg2 f4
0-1